000 01066cab a2200301 4500
001 ##L134813
008 060904n2006 000 0 eng u
035 _a(Sirsi) u134813
041 0 _aeng
100 1 _aMcAllister, Sean
245 0 0 _aHerts, Beds, Bucks and Oxon
_bregional
260 _c2006
490 0 _aProperty Week
_v71(35) 1 September 2006, 75-93(10)
520 _aContains a profile of property developer Pete Winkelman, looks at the Eden retail and leisure scheme in High Wycombe, and examines the impact of the Buncefield explosion from the perspective of a local agent. Also interviews James Good who has recently moved to Frontier Estates.
590 _aIKA050906
651 4 _aHERTFORDSHIRE
651 4 _aBEDFORDSHIRE
651 4 _aBUCKINGHAMSHIRE
651 4 _aOXFORDSHIRE
651 4 _aWATFORD
651 4 _aMILTON KEYNES
651 4 _aHIGH WYCOMBE
651 4 _aHEMEL HEMPSTEAD
690 _aPROPERTY-COMMERCIAL PROPERTY-COMMERCIAL PROPERTY MARKET
700 1 _aChurch, Trevor
700 1 _aBrasse, Jonathan
942 _n0
999 _c77660
_d77660